00926nam a22002177a 4500003000400000005001700004008004100021010003100062024001800093035003100111040001300142082001500155245009000170260004900260300005600309440003500365500007600400538008500476538012800561650001900689dpl20080911114410.0080911t xxu||||| |||| 00| 0 eng d aDVD-000519-520 DVD-001076 2A0193c599.00 aDVD-000519-520 DVD-001076 aDPLcDPL aDVD / TARZ aTarzan 2 :cWalt Disney Pictures Presentsh[videorecording] (DVD)/bThe Legend Begins aBurbank, CAbWalt Disney Home Entertainment a1 videodiscs (71 min.):bsd., col.;c4 3/4 in.fDVD aWalt Disney Home Entertainment aSole Distributor in India M/s Excel Productions Audio Visuals Pvt. Ltd. aDolby Digital 5.1-English,Thai, Korean Subtitles-English, , Bahasa, Thai, Korean aAspect Ratio:1.78.1, Presentation Type: Wide Screne, Presentation Size 16x9, Formaton: DVD 9- Dual Layer Single sided Disc, 2Animated Movie